|
|
|
|
| LEADER |
00000nab a2200000 a 4500 |
| 001 |
vtls008426422 |
| 003 |
SK-MaSNL |
| 005 |
20260303065937.0 |
| 008 |
140328c2005 xo br|p|||||||000 b|slo |
| 015 |
|
|
|a SNBRB2006/01
|2 snkbucl
|
| 038 |
|
|
|a SNKBUCL
|
| 040 |
|
|
|a SNKBUCL
|b slo
|c SNKBUCL
|e AACR2
|
| 041 |
0 |
|
|a slo
|
| 044 |
|
|
|a xo
|c SK
|
| 080 |
|
|
|a 613.81:303.2:620.178.1:669.14
|2 1997
|
| 080 |
|
|
|a 303.2
|2 1997
|
| 080 |
|
|
|a 620.178.1
|2 1997
|
| 080 |
|
|
|a 669.14
|2 1997
|
| 100 |
1 |
|
|a Petrík, Jozef
|4 aut
|
| 245 |
1 |
0 |
|a Vplyv požitia alkoholu na spôsobilosť systému merania tvrdosti konštrukčnej ocele STN 11373
|c Jozef Petrík, Vojtech Mikloš
|
| 300 |
|
|
|b Grafy, tab.
|
| 504 |
|
|
|a Bibliogr. odkazy
|
| 650 |
0 |
7 |
|a konštrukčné ocele
|2 snkbucl
|9 74081
|
| 650 |
0 |
7 |
|a STN 11 373
|2 snkbucl
|9 1066677
|
| 650 |
0 |
7 |
|a tvrdosť
|2 snkbucl
|9 24358
|
| 650 |
0 |
7 |
|a meranie tvrdosti
|2 snkbucl
|9 1066678
|
| 650 |
0 |
7 |
|a pracovná spôsobilosť
|2 snkbucl
|9 1066679
|
| 650 |
0 |
7 |
|a alkohol
|2 snkbucl
|9 15497
|
| 650 |
0 |
7 |
|a požitie alkoholu
|2 snkbucl
|9 1066680
|
| 700 |
1 |
|
|a Mikloš, Vojtech
|4 aut
|9 609028
|
| 773 |
0 |
|
|t Bezpečná práca
|g Roč. 36, č. 6 (2005), s. 6-9
|x 0322-8347
|
| 852 |
|
|
|a SNK
|b KIS3GCP
|
| 958 |
|
|
|a NB
|
| 999 |
|
|
|c 1753353
|d 1755283
|